Statistics for Players that should've won the Ballon D'or

Click here to take the quiz!

General Stats

  • This quiz has been taken 127 times
  • The average score is 6 of 15

Answer Stats

Answer% Correct
Xavi
73%
Iniesta
72%
Lewandowski
68%
Ribery
66%
Thierry Henry
56%
Neuer
44%
Virgil Van Dijk
37%
Maradona
33%
Maldini
29%
Zlatan Ibrahimovic
23%
Raul
17%
Roberto Carlos
16%
Samuel Eto'o
14%
Eric Cantona
9%
Dalglish
5%

Score Distribution

Percentile by Number Answered

Percent of People with Each Score

Your Score History

You have not taken this quiz